|
|
|
|
| LEADER |
00804nta a2200229 i 4500 |
| 001 |
dipl83997 |
| 005 |
20200506170524.0 |
| 008 |
200506s2016 hu om 0|| zxx d |
| 040 |
|
|
|a SZTE Diploma Repozitórium
|b hun
|
| 041 |
|
|
|a zxx
|
| 100 |
1 |
|
|a Mészáros Míra
|
| 245 |
1 |
0 |
|a Vezetési stílusok a munka világában
|h [elektronikus dokumentum] /
|c Míra Mészáros
|
| 246 |
1 |
0 |
|a Leadership styles in the workplace
|h [elektronikus dokumentum]
|
| 260 |
|
|
|c 2016
|
| 650 |
|
4 |
|a Jogi és igazgatási tanulmányok
|
| 650 |
|
4 |
|a Social sciences
|
| 650 |
|
4 |
|a Law
|
| 650 |
|
4 |
|a Law, criminology, penology
|
| 650 |
|
4 |
|a Private, public and social law
|
| 700 |
0 |
1 |
|a Hajdú József
|e ths
|
| 700 |
0 |
1 |
|a Musa Imre
|e ths
|
| 856 |
4 |
0 |
|u https://diploma.bibl.u-szeged.hu/id/eprint/83997/1/2016_meszaros_mira.pdf
|z Dokumentum-elérés
|